000 00780nam a2200253Ia 4500
003 OSt
005 20220928121559.0
006 a|||||r|||| 00| 0
007 ta
008 220927b |||||||| |||| 00| 0 eng d
024 _a80843
037 _cTextual
040 _aSDCL
_cSDCL
_beng
041 _2eng
_aeng
082 _aS0aX, P5
100 _aAgarwal Bina Ed.
_9453398
245 0 _aPsychology, rationality and economic behaviour
_b Challenging standard assumptions.
260 _aHampshire
_bPalgrave Macmillan
_c2005
300 _axiii,270p
_ccm.
650 _aPsychology And Economics
_9453399
700 _a Vercelli Alessandro Ed.
_9453400
942 _hS0aX, P5
_cTEXL
_2CC
999 _c767289
_d767289